000 00635nam a2200181 a 4500
008 120416s1977 ||||||||||||||||| || u
050 _aHD 69.S6 Hos
100 _aHosmer, LaRue T
245 1 4 _aThe Entrepreneurial function
246 _atext and cases on smaller firms
260 _aEnglewood Cliffs, N.J.
_bFT Prentice-Hall
_c(1977)
300 _axi, 484p : ill
350 _a0.00
650 0 _aMANAGEMENT
650 _aENTREPRENEURS--CASE STUDIES
700 _aVesper, Karl H
995 _D0.00
_FCBU-MAIN LIBRARY (Kitwe)
_H1
_I0.00
_M1
_UDAMAGED
_ZMain Library Open Access Collection
999 _c42113
_d42113